000 00860nam a2200229Ia 4500
001 10701
003 GE_BSU
008 181216s||||||||xx |||||||||||||| ||und||
040 _cGE_BSU
080 _a811.111(075.8)
100 _aMegrelishvili, Maddona.
245 4 _aThe Theory of English Grammar(For Undergraduate Students)=ინგლისური ენის თეორიული გრამატიკის კურსი.
245 _cEditor: Tamaz Gamkrelidze.
260 _aKutaisi.
260 _bUniversity Press.
260 _c2009.
300 _a143p;20cm.
541 _h10G.
653 _aThe Theory of English Grammar(For Undergraduate Students)=ინგლისური ენის თეორიული გრამატიკის კურსი.
653 _aინგლისური ენა
942 _cBK
999 _c43952
_d43952